মানিক গ্রন্থাবলী / (Record no. 38852)
[ view plain ]
| 000 -LEADER | |
|---|---|
| fixed length control field | 01012nam a2200241 a 4500 |
| 001 - CONTROL NUMBER | |
| control field | 38852 |
| 003 - CONTROL NUMBER IDENTIFIER | |
| rucl marc code | BD-RjUL |
| 005 - DATE AND TIME OF LATEST TRANSACTION | |
| control field | 20211209052854.0 |
| 008 - FIXED-LENGTH DATA ELEMENTS--GENERAL INFORMATION | |
| fixed length control field | 160315s1974 ii ||||| |||| 00| 0 ben d |
| 035 ## - SYSTEM CONTROL NUMBER | |
| System control number | (BD-RjUL)38962 |
| 040 ## - CATALOGING SOURCE | |
| Original cataloging agency | BD-RjUL |
| Language of cataloging | eng |
| Transcribing agency | BD-RjUL |
| 041 ## - LANGUAGE CODE | |
| Language code of text/sound track or separate title | eng |
| 082 ## - DEWEY DECIMAL CLASSIFICATION NUMBER | |
| Edition number | 23 |
| Classification number | 891.4437 |
| Author mark and year | BAM 1974 |
| 100 ## - MAIN ENTRY--PERSONAL NAME | |
| Personal name | বন্দ্যোপাধ্যায়, মানিক |
| 9 (RLIN) | 118778 |
| 245 ## - TITLE STATEMENT | |
| Title | মানিক গ্রন্থাবলী / |
| Statement of responsibility, etc. | মানিক বন্দ্যোপাধ্যায় |
| 250 ## - EDITION STATEMENT | |
| Edition statement | বিশেষ সং. |
| 260 ## - PUBLICATION, DISTRIBUTION, ETC. (IMPRINT) | |
| Place of publication, distribution, etc. | কলকাতা : |
| Name of publisher, distributor, etc. | গ্রন্থালয় প্রাইভেট লিমিটেড, |
| Date of publication, distribution, etc. | ১৯৭৪ |
| 300 ## - PHYSICAL DESCRIPTION | |
| Pagination | খ.২ (৪৫৩ পৃ.) ; |
| Size | ২২ সেমি. |
| 505 ## - FORMATTED CONTENTS NOTE | |
| Formatted contents note | খণ্ড - ২য়-৩য়-- |
| 600 ## - SUBJECT ADDED ENTRY--PERSONAL NAME | |
| Personal name | বন্দ্যোপাধ্যায়, মানিক, |
| Dates associated with a name | ১৯০৮-১৯৫৬ |
| Personal name | Bandyopadhyay, Manik, |
| Dates associated with a name | 1908-1956 |
| 942 ## - ADDED ENTRY ELEMENTS (KOHA) | |
| Source of classification or shelving scheme | Dewey Decimal Classification |
| Koha item type | Books |
| Lost status | Source of classification or shelving scheme | Damaged status | Not for loan | Collection code | Permanent Location | Current Location | Shelving location | Date acquired | Source of acquisition | Cost, normal purchase price | Total Checkouts | Full call number | Date last seen | Date checked out | Copy number | Koha item type |
|---|---|---|---|---|---|---|---|---|---|---|---|---|---|---|---|---|
| Dewey Decimal Classification | Fiction | Central Library, University of Rajshahi | Central Library, University of Rajshahi | 09/01/1978 | উত্তরবঙ্গ লাইব্রেরী, রাজশাহী | 50.00 | 1 | B 891.4437 BAM V-2 1974 | 22/02/2017 | 16/02/2017 | C-2 | Books | ||||
| Dewey Decimal Classification | Non-fiction | Central Library, University of Rajshahi | Central Library, University of Rajshahi | 18/09/1973 | Kolkata: K.P Bakchi and co. | 0.00 | B 891.4437 BAM V-3 1974 | 21/07/2016 | C-2 | Books |